Európske právo

Guardado en:
Detalles Bibliográficos
Autor principal: Karas, Viliam
Otros Autores: Králik, Andrej
Formato: Libro
Lenguaje:eslovaco
Publicado: Bratislava IURA EDITION 2004
Materias:
Etiquetas: Agregar Etiqueta
Sin Etiquetas, Sea el primero en etiquetar este registro!

MARC

LEADER 00000nam$a2200000$$$4500
001 0023080
005 20221207102614.2
020 |a 80-8078-001-3 
041 0 |a slo 
044 |a SK 
245 1 0 |a Európske právo  |c Viliam Karas, Andrej Králik 
264 1 |a Bratislava  |b IURA EDITION  |c 2004 
300 |a 436 s. 
610 2 0 |a právo medzinárodné 
610 2 0 |a právo európske 
610 2 0 |a Európa 
610 2 0 |a integrácia ekonomická medzinárodná 
610 2 0 |a integrácia 
610 2 0 |a Európske spoločenstvá 
610 2 0 |a Európska únia 
610 2 0 |a Slovensko 
610 2 0 |a organizácie medzinárodné 
610 2 0 |a právo komunitárne 
610 2 0 |a ochrana právna 
610 2 0 |a únie colné 
610 2 0 |a pohyb tovaru 
610 2 0 |a sloboda podnikania 
610 2 0 |a pohyb kapitálu 
610 2 0 |a pohyb síl pracovných medzinárodný 
610 2 0 |a pohyb služieb voľný 
610 2 0 |a politika hospodárska 
610 2 0 |a politika menová 
610 2 0 |a súťaž hospodárska 
610 2 0 |a politika bezpečnostná 
610 2 0 |a politika zahraničná 
610 2 0 |a spolupráca medzinárodná 
100 1 |a Karas, Viliam 
700 1 |a Králik, Andrej